00683nam a2200181 i 450000100060000000300090000600500170001500700030003200800410003508000190007610000240009524500470011926000630016630000340022950001700026365000330043385200350046673444ES-MaACL20230906171818.0t|041013s1985 ag ||||1| spa d a34(460)"04/14"1 aBenito Ruano, Eloy.10aLocvs appellacionis / cEloy Benito Ruano. aBuenos Aires : bFacultad de Filosofía y Letras, c1985. ap. 303-313 : bil. ; c26 cm. aSeparata de: Estudios en homenaje a don Claudio Sánchez Albornoz en sus 90 años, III Anejos Cuadernos de Historia de España, Instituto de Historia de España.14aDerecho-zEspaña-yS.V-XV. aES-MaACLj2183-F-11 bR.130616